| 000 | 00397 a2200145 4500 | ||
|---|---|---|---|
| 999 |
_c12636 _d12636 |
||
| 003 | OSt | ||
| 005 | 20240430195228.0 | ||
| 008 | 240430b ||||| |||| 00| 0 eng d | ||
| 020 | _a9781032321882 | ||
| 082 | _a691.1 | ||
| 100 | _aManish Chalana, Ashima Krishna | ||
| 245 | _aHeritage Conservation in Postcolonial India Approaches and Challenges | ||
| 260 |
_bTaylor & Francis _c2021 |
||
| 942 | _2ddc | ||